同一名称で新設合併した市 (平成) - Statistics

General Stats
  • This quiz has been taken 61 times
  • The average score is 96 of 139
Answer Stats
都道府県 合併日 他の合併市町村 市名 % Correct
静岡県 2003.4.1 清水市 静岡市
88%
岩手県 1991.4.1 和賀町・江釣子村 北上市
81%
石川県 2004.10.1 中島町・田鶴浜町・能登島町 七尾市
81%
佐賀県 2005.1.1 相知町・肥前町・浜玉町・鎮西町・呼子町・厳木町・北波多村 唐津市
81%
愛媛県 2005.1.11 長浜町・肱川町・河辺村 大洲市
81%
愛媛県 2005.1.16 玉川町・菊間町・波方町・大西町・吉海町・宮窪町・大三島町伯方町・上浦町・関前村・朝倉村 今治市
81%
栃木県 2005.2.28 田沼町・葛生町 佐野市
81%
愛媛県 2005.3.28 保内町 八幡浜市
81%
広島県 2005.3.31 東城町・西城町・比和町・高野町・口和町・総領町 庄原市
81%
富山県 2005.4.1 婦中町・八尾町・大沢野町・大山町・山田村・細入村 富山市
81%
和歌山県 2005.5.1 中辺路町・大塔村・本宮町・龍神村 田辺市
81%
三重県 2004.12.6 長島町・多度町 桑名市
78%
三重県 2005.1.1 嬉野町・三雲町・飯南町・飯高町 松阪市
78%
群馬県 2005.1.1 赤堀町・境町・東村 伊勢崎市
78%
青森県 2005.1.1 十和田湖町 十和田市
78%
山口県 2005.2.13 豊浦町・菊川町・豊北町・豊田町 下関市
78%
山口県 2005.3.6 須佐町・田万川町・福栄村・旭村・むつみ村・川上村 萩市
78%
島根県 2005.3.22 平田市・大社町・湖陵町・佐田町・多伎町 出雲市
78%
秋田県 2005.3.22 雄勝町・稲川町・皆瀬村 湯沢市
78%
山口県 2005.3.22 油谷町・三隅町・日置町 長門市
78%
香川県 2005.3.22 綾歌町・飯山町 丸亀市
78%
島根県 2005.3.31 宍道町・玉湯町・鹿島町・美保関町・島根町・八雲村 松江市
78%
宮城県 2005.4.1 河北町・河南町・桃生町・雄勝町・北上町・牡鹿町 石巻市
78%
埼玉県 2005.4.1 吉田町・荒川村・大滝村 秩父市
78%
兵庫県 2005.4.1 日高町・城崎町・竹野町・出石町・但東町 豊岡市
78%
愛媛県 2005.4.1 双海町・中山町 伊予市
78%
青森県 2005.4.1 浪岡町 青森市
78%
静岡県 2005.5.1 金谷町 島田市
78%
岩手県 2005.6.6 田老町・新里村 宮古市
78%
岩手県 2005.9.20 花泉町・千厩町・東山町・大東町・川崎村・室根村 一関市
78%
埼玉県 2005.10.1 妻沼町・大里町 熊谷市
78%
秋田県 2005.10.1 平鹿町・大森町・十文字町・増田町・雄物川町・大雄村・山内村 横手市
78%
山口県 2005.10.1 小郡町・秋穂町・阿知須町・徳地町 山口市
78%
三重県 2005.11.1 二見町・小俣町・御薗村 伊勢市
78%
岡山県 2004.10.1 成羽町・備中町・川上町・有漢町 高梁市
75%
岐阜県 2004.10.25 明智町・岩村町・山岡町・上矢作町・串原村 恵那市
75%
愛媛県 2004.11.1 東予市・丹原町・小松町 西条市
75%
富山県 2004.11.1 庄川町 砺波市
75%
三重県 2005.1.11 関町 亀山市
75%
熊本県 2005.1.15 鹿本町・鹿央町・菊鹿町・鹿北町 山鹿市
75%
長崎県 2005.3.1 多良見町・飯盛町・森山町・高来町・小長井町 諫早市
75%
大分県 2005.3.3 蒲江町・弥生町・上浦町・宇目町・鶴見町・本匠村・米水津村直川村 佐伯市
75%
新潟県 2005.3.19 能生町・青海町 糸魚川市
75%
広島県 2005.3.22 本郷町・久井町・ 三原市
75%
岡山県 2005.3.22 日生町・吉永町 備前市
75%
青森県 2005.3.28 金木町・市浦村 五所川原市
75%
鳥取県 2005.3.31 淀江町 米子市
75%
静岡県 2005.4.1 豊田町・竜洋町・福田町・豊岡村 磐田市
75%
長野県 2005.4.1 臼田町・望月町・浅科村 佐久市
75%
新潟県 2005.5.1 栄町・下田村 三条市
75%
愛媛県 2005.8.1 津島町・三間町・吉田町 宇和島市
75%
熊本県 2005.8.1 千丁町・鏡町・坂本村・東陽村・泉村 八代市
75%
島根県 2005.10.1 金城町・旭町・三隅町・弥栄村 浜田市
75%
北海道 2005.10.11 阿寒町・音別町 釧路市
75%
富山県 2005.11.1 福岡町 高岡市
75%
三重県 2006.1.1 久居市・安濃町・河芸町・白山町芸濃町・香良洲町・一志町美里村・美杉村 津市
75%
福岡県 2003.4.1 玄海町 宗像市
72%
広島県 2004.4.1 吉舎町・三良坂町・三和町・布野村・作木村・君田村・甲奴町 三次市
72%
島根県 2004.10.1 広瀬町・伯太町 安来市
72%
千葉県 2005.2.11 天津小湊町 鴨川市
72%
岡山県 2005.3.22 山手村・清音村 総社市
72%
山梨県 2005.3.22 牧丘町・三富村 山梨市
72%
熊本県 2005.3.22 七城町・泗水町・旭志村 菊池市
72%
群馬県 2005.3.28 新田町・尾島町・藪塚本町 太田市
72%
大分県 2005.3.31 香々地町・真玉町 豊後高田市
72%
大分県 2005.3.31 安心院町・院内町 宇佐市
72%
新潟県 2005.4.1 川西町・松代町・松之山町・中里村 十日町市
72%
静岡県 2005.4.1 浅羽町 袋井市
72%
山形県 2005.10.1 温海町・櫛引町・羽黒町・藤島町・朝日村 鶴岡市
72%
和歌山県 2005.10.1 熊野川町 新宮市
72%
島根県 2005.10.1 仁摩町・温泉津町 大田市
72%
長崎県 2005.10.1 田平町・生月町・大島村 平戸市
72%
佐賀県 2005.10.1 大和町・富士町・諸富町・三瀬村 佐賀市
72%
三重県 2005.11.1 紀和町 熊野市
72%
岩手県 2006.1.1 大迫町・石鳥谷町・東和町 花巻市
72%
長野県 2006.3.6 丸子町・真田町・武石村 上田市
72%
富山県 2006.3.31 宇奈月町 黒部市
72%
秋田県 2005.3.22 若美町 男鹿市
69%
岡山県 2005.3.31 哲西町・神郷町・哲多町・大佐町 新見市
69%
静岡県 2005.4.1 大須賀町・大東町 掛川市
69%
石川県 2005.10.1 山中町 加賀市
69%
熊本県 2005.10.3 天水町・岱明町・横島町 玉名市
69%
香川県 2005.10.11 大野原町・豊浜町 観音寺市
69%
埼玉県 2006.1.10 児玉町 本庄市
69%
群馬県 2006.2.20 伊香保町・子持村・北橘村・赤城村・小野上村 渋川市
69%
和歌山県 2006.3.1 高野口町 橋本市
69%
山口県 2006.3.20 周東町・美川町・由宇町・玖珂町・美和町・錦町・本郷村 岩国市
69%
大分県 2005.1.1 野津町 臼杵市
66%
山口県 2005.2.21 大畠町 柳井市
66%
福岡県 2005.3.21 三橋町・大和町 柳川市
66%
千葉県 2005.7.1 海上町・飯岡町・干潟町 旭市
66%
愛知県 2005.10.1 鳳来町・作手村 新城市
66%
山形県 2005.11.1 八幡町・松山町・平田町 酒田市
66%
北海道 2006.3.5 留辺蘂町・端野町・常呂町 北見市
66%
群馬県 2006.3.18 松井田町 安中市
66%
栃木県 2006.3.20 今市市・藤原町・足尾町・栗山村 日光市
66%
新潟県 2006.3.20 吉田町・分水町 燕市
66%
秋田県 2006.3.21 二ツ井町 能代市
66%
北海道 2006.3.27 風連町 名寄市
66%
山口県 2008.3.27 秋芳町・美東町 美祢市
66%
新潟県 2008.4.1 荒川町・山北町・朝日村・神林村 村上市
66%
栃木県 2010.3.29 大平町・藤岡町・都賀町 栃木市
66%
和歌山県 2005.4.1 下津町 海南市
63%
大分県 2005.10.1 山香町・大田村 杵築市
63%
福島県 2005.11.7 表郷村・東村・大信村 白河市
63%
岩手県 2006.1.1 浄法寺町 二戸市
63%
福島県 2006.1.4 塩川町・山都町・熱塩加納村・高郷村 喜多方市
63%
石川県 2006.2.1 門前町 輪島市
63%
青森県 2006.2.27 岩木町・相馬村 弘前市
63%
宮城県 2006.3.31 唐桑町 気仙沼市
63%
長野県 2006.3.31 高遠町・長谷村 伊那市
63%
山口県 2004.10.4 大和町 光市
59%
茨城県 2005.9.12 総和町・三和町 古河市
59%
岩手県 2005.10.1 宮守村 遠野市
59%
福島県 2005.12.1 安達町・東和町・岩代町 二本松市
59%
宮崎県 2006.1.1 山田町・山之口町・高崎町・高城町 都城市
59%
鹿児島県 2006.1.1 串良町・吾平町・輝北町 鹿屋市
59%
埼玉県 2006.1.1 岡部町・花園町・川本町 深谷市
59%
滋賀県 2006.2.13 びわ町・浅井町 長浜市
59%
岩手県 2006.3.6 山形村 久慈市
59%
福岡県 2006.3.26 筑穂町・穂波町・頴田町・庄内町 飯塚市
59%
群馬県 2006.3.27 妙義町 富岡市
59%
滋賀県 2010.3.21 安土町 近江八幡市
59%
埼玉県 2010.3.23 大利根町・騎西町・北川辺町 加須市
59%
埼玉県 2010.3.23 菖蒲町・鷲宮町・栗橋町 久喜市
59%
新潟県 2006.1.1 村松町 五泉市
56%
長崎県 2006.1.1 鷹島町・福島町 松浦市
56%
佐賀県 2006.3.1 山内町・北方町 武雄市
56%
宮崎県 2009.3.30 北郷町・南郷町 日南市
56%
兵庫県 2005.10.1 黒田庄町 西脇市
53%
鹿児島県 2006.1.1 山川町・開聞町 指宿市
53%
兵庫県 2006.2.11 五色町 洲本市
53%
茨城県 2006.3.19 友部町・岩間町 笠間市
53%
長野県 2005.4.1 豊田村 中野市
50%
埼玉県 2005.10.1 庄和町 春日部市
50%
鹿児島県 2006.3.13 高尾野町・野田町 出水市
50%
宮崎県 2006.3.20 須木村 小林市
47%
北海道 2005.9.1 朝日町 士別市
44%
茨城県 2005.10.1 八郷町 石岡市
41%
No matching quizzes found
Score Distribution
Percent of People with Each Score
Percentile by Number Answered
Your Score History
You have not taken this quiz